L'Equateur pour les touristes... - Facile - Statistiques

Statistiques générales
  • Ce quiz a été pris 14 fois
  • Le résultat moyen est 10 sur 20
Statistiques - réponses
Question Indice Réponses Indice facile % Correct
Quelles sont les langues officielles ? Espagnol
93%
Achats à faire 2/ Boisson chaude Café FACE
86%
Avez-vous besoin d'un visa ? (oui/non) Non
86%
Dans la capitale quel est le décalage horaire avec Paris ? (+ ou - et chiffre) ex - 10 - 7
79%
Quelles sont les langues officielles ? Quechua Q
79%
La vitesse est limitée hors des villes à {90} km/h
71%
La conduite se fait à droite ou à gauche ? Droite
71%
Achats à faire 1/ Jouet Toupie POUTIE
71%
Combien d'heures (environ) mettrez-vous pour vous y rendre ? (en chiffres) 14
64%
Quelles sont les principaux lieux touristiques ? G Iles {Galapagos} AGGALOPAS
64%
Quelles sont les principaux lieux touristiques ? Q Quito
64%
Quel est le climat local ? T Tropical
64%
La religion majoritaire est Catholicisme C
43%
Le suffixe internet est ec
36%
Quelles sont les principaux lieux touristiques ? A Amazonie OMAIZENA
29%
Le principal aéroport est G Guayaquil
29%
Quelle est la monnaie ? Dollar américain $
14%
Comment se nomme la principale compagnie aérienne locale A E Avianca Ecuador ACCOUVERAIAADN
0%
Achats à faire 4/ Douceurs locales Colacion CALCINOO
0%
Achats à faire 3/ Instrument typique Rondador RADRONDO
0%
Aucun quiz correspondant
Distribution des résultats
% des personnes avec chaque résultat
Percentile par nombre de réponses
Votre historique - résultats
Vous n’avez pas pris ce quiz